| 000 | 00762cam a22002531 4500 | ||
|---|---|---|---|
| 001 | 000009354 | ||
| 005 | 20200929161551.0 | ||
| 008 | 720113s1970 xx 000 0 spa | ||
| 010 | _a79265484 | ||
| 035 | _a(OCoLC)217485 | ||
| 040 |
_aDO-SdBNP _cOKentU _dDLC _dBNPHU |
||
| 042 | _apremarc | ||
| 082 |
_aC863.44 _bS718d |
||
| 100 | 1 |
_aSoto Aparicio, Fernando, _d1933- _924127 |
|
| 245 | 1 | 0 |
_aDespués empezará la madrugada / _cFernando Soto Aparicio. |
| 260 |
_aMedellín, Colombia : _bBedout, _c1970]. |
||
| 300 |
_a393 p. ; _c21 cm. |
||
| 490 | 1 |
_aBolsilibros bedout _v124 |
|
| 650 | 4 |
_aNovela colombiana _91243 |
|
| 650 | 4 |
_aLiteratura colombiana _91244 |
|
| 830 | 0 |
_aBolsilibros bedout ; _v124 _93750 |
|
| 910 | _aCatalogación derivada | ||
| 049 | _aBNGR | ||
| 999 |
_c9114 _d9114 |
||